[Event "Bayern-chTT (RL Nord-West)"]
[Site "Bayern 2008/09"]
[Date "2008.10.05"]
[Round "1.1"]
[White "Schindler, Viktor(58)"]
[Black "Wunder, Horst"]
[Result "0-1"]
[WhiteElo "2161"]
[BlackElo "2134"]
[PlyCount "92"]
[EventDate "2009.03.??"]
[EventType "team-tourn"]
[EventRounds "9"]
[WhiteTeam "Hof 1"]
[BlackTeam "Nordhalben 1"]

1. e4 c5 2. Nf3 e6 3. d4 cxd4 4. Nxd4 Qb6 5. Nb3 Qc7 6. Bd3 Nf6 7. f4 d6 8. Be3
Nbd7 9. g4 Nc5 10. Nxc5 dxc5 11. Nd2 a6 12. g5 Nd7 13. a4 b6 14. Qe2 Bb7 15.
O-O Be7 16. Rf3 h6 17. Rh3 a5 18. g6 f6 19. Bc4 Nf8 20. Qd3 Rd8 21. Qb3 Nxg6
22. Rf1 Nf8 23. Rg3 Kf7 24. f5 Bc8 25. Nf3 Bd6 26. e5 Bxe5 27. Nxe5+ Qxe5 28.
Qxb6 Rd4 29. Qa7+ Rd7 30. Qxa5 Bb7 31. Qb5 Re7 32. Qxc5 Qxc5 33. Bxc5 Rc7 34.
Bxf8 Rxc4 35. fxe6+ Kxf8 36. e7+ Kf7 37. Re1 Re8 38. Rb3 Bc6 39. a5 Rxc2 40.
Rb6 Bd5 41. b4 Rg2+ 42. Kf1 Rxh2 43. a6 Ra2 44. b5 h5 45. Rc1 Rxe7 46. Rd6 Bf3
0-1

[Event "Bayern-chTT (RL Nord-West)"]
[Site "Bayern 2008/09"]
[Date "2008.10.05"]
[Round "1.2"]
[White "Wunder, Stefan(58)"]
[Black "Hertel, Hans"]
[Result "1-0"]
[WhiteElo "2021"]
[BlackElo "2070"]
[PlyCount "71"]
[EventDate "2009.03.??"]
[EventType "team-tourn"]
[EventRounds "9"]
[WhiteTeam "Nordhalben 1"]
[BlackTeam "Hof 1"]

1. Nf3 f5 2. b3 Nf6 3. Bb2 d6 4. d4 e6 5. g3 d5 6. Bg2 Bd6 7. O-O O-O 8. Ne5 b6
9. Nd2 Bb7 10. e3 Nbd7 11. c4 c5 12. Re1 Qc7 13. cxd5 Bxd5 14. Nxd7 Qxd7 15.
Nc4 Bxg2 16. Kxg2 Be7 17. f3 Qb7 18. Qe2 b5 19. Ne5 Ng4 20. Nd3 c4 21. Nf4 Bb4
22. Rec1 cxb3 23. axb3 Rfe8 24. Nd3 Bf8 25. h3 Nf6 26. Nc5 Qb8 27. Na6 Qb6 28.
Nc7 Bd6 29. Nxa8 Rxa8 30. Bc3 Nh5 31. Be1 Qb8 32. Rc6 Bxg3 33. Rac1 f4 34. R1c5
Qe8 35. Bxg3 Qg6 36. Rxh5 1-0

[Event "Bayern-chTT (RL Nord-West)"]
[Site "Bayern 2008/09"]
[Date "2008.10.05"]
[Round "1.3"]
[White "Shashkin, Igor"]
[Black "Hild, Detlef"]
[Result "0-1"]
[WhiteElo "2056"]
[BlackElo "2050"]
[PlyCount "66"]
[EventDate "2009.03.??"]
[EventType "team-tourn"]
[EventRounds "9"]
[WhiteTeam "Hof 1"]
[BlackTeam "Nordhalben 1"]

1. e4 e6 2. d3 d5 3. Nd2 Nf6 4. Ngf3 b6 5. g3 Be7 6. Bg2 Bb7 7. e5 Nfd7 8. O-O
c5 9. Re1 Nc6 10. Nf1 h6 11. a3 g5 12. h3 Qc7 13. Qe2 O-O-O 14. c3 Rdg8 15. b4
h5 16. g4 Nd8 17. bxc5 Nxc5 18. c4 dxc4 19. dxc4 f5 20. Nd4 Bxg2 21. Kxg2 hxg4
22. hxg4 Rh4 23. Nh2 Rgh8 24. Rh1 Nf7 25. Bb2 Nxe5 26. Ndf3 Ned3 27. Nxh4 Nf4+
28. Kf1 Nxe2 29. Bxh8 Nf4 30. N4f3 Nb3 31. Rd1 Qxc4+ 32. Kg1 fxg4 33. Nxg4 Ne2+
0-1

[Event "Bayern-chTT (RL Nord-West)"]
[Site "Bayern 2008/09"]
[Date "2008.10.05"]
[Round "1.4"]
[White "Scherbel, Hans"]
[Black "Verlatov, Artjom"]
[Result "1/2-1/2"]
[WhiteElo "2023"]
[BlackElo "1984"]
[PlyCount "95"]
[EventDate "2009.03.??"]
[EventType "team-tourn"]
[EventRounds "9"]
[WhiteTeam "Nordhalben 1"]
[BlackTeam "Hof 1"]

1. c4 f5 2. Nc3 Nf6 3. Nf3 g6 4. d4 Bg7 5. g3 O-O 6. Bg2 d6 7. O-O Qe8 8. b3 c6
9. Bb2 e5 10. dxe5 dxe5 11. e3 e4 12. Nd4 Nbd7 13. Qc2 Ne5 14. Ba3 Rf7 15. Rad1
Bf8 16. Bxf8 Qxf8 17. Rd2 Qh6 18. c5 Bd7 19. Nd1 g5 20. f3 exf3 21. Nxf3 Nxf3+
22. Bxf3 Re8 23. Rd6 Qf8 24. Qc4 Qe7 25. b4 Be6 26. Qc2 Bc8 27. Qc4 Ne4 28. Bh5
Nxd6 29. cxd6 Qe6 30. Bxf7+ Qxf7 31. Qxf7+ Kxf7 32. g4 Kg6 33. gxf5+ Bxf5 34.
Re1 Bd7 35. e4 Re6 36. Kf2 Rxd6 37. Ke3 Be6 38. a3 Bc4 39. Nb2 Bb3 40. Rf1 Rf6
41. Re1 b6 42. Nd3 Re6 43. Rc1 Bd5 44. Nf2 b5 45. Kd4 Bc4 46. Ng4 Rd6+ 47. Kc5
Re6 48. Kd4 1/2-1/2

[Event "Bayern-chTT (RL Nord-West)"]
[Site "Bayern 2008/09"]
[Date "2008.10.05"]
[Round "1.5"]
[White "Urytskyy, Michael"]
[Black "Burgemeister, Wolfgang"]
[Result "1-0"]
[WhiteElo "1988"]
[BlackElo "1979"]
[PlyCount "79"]
[EventDate "2009.03.??"]
[EventType "team-tourn"]
[EventRounds "9"]
[WhiteTeam "Hof 1"]
[BlackTeam "Nordhalben 1"]

1. e4 c6 2. d4 d5 3. exd5 cxd5 4. c4 Nf6 5. Nc3 g6 6. Qb3 Bg7 7. cxd5 O-O 8.
Nf3 Nbd7 9. Bg5 Nb6 10. Bxf6 exf6 11. Be2 Re8 12. O-O Re7 13. Rfe1 a6 14. a4
Rd7 15. a5 Nxd5 16. Nxd5 Rxd5 17. Bc4 Be6 18. Bxd5 Bxd5 19. Qb6 Bf8 20. Rac1
Bd6 21. Qxd8+ Rxd8 22. Re2 Bb4 23. Nd2 Bxa5 24. Nc4 Rc8 25. Rec2 Be4 26. Nxa5
Bxc2 27. Nxb7 Re8 28. f3 Bd3 29. d5 Re5 30. d6 Bb5 31. Rd1 Bd7 32. b4 Kf8 33.
Nc5 Ke8 34. Nxa6 Kd8 35. Nc5 Bc6 36. Kf2 Bb5 37. Rd2 g5 38. Ra2 Bc6 39. Ra6 Bd5
40. Rb6 1-0

[Event "Bayern-chTT (RL Nord-West)"]
[Site "Bayern 2008/09"]
[Date "2008.10.05"]
[Round "1.6"]
[White "Schultes, Dieter"]
[Black "Scheidt, Joerg Dr"]
[Result "1-0"]
[WhiteElo "1876"]
[BlackElo "1975"]
[PlyCount "91"]
[EventDate "2009.03.??"]
[EventType "team-tourn"]
[EventRounds "9"]
[WhiteTeam "Nordhalben 1"]
[BlackTeam "Hof 1"]

1. c4 b6 2. b3 Bb7 3. Bb2 e6 4. e3 Nf6 5. Nf3 Be7 6. Be2 O-O 7. O-O d6 8. d4
Nbd7 9. Nc3 a6 10. Qc2 c5 11. e4 cxd4 12. Nxd4 Rc8 13. Rac1 Re8 14. Rfd1 Rc7
15. Qb1 Qa8 16. f3 h5 17. Bf1 h4 18. Ba3 Nc5 19. Nde2 Nh5 20. Rc2 Qa7 21. Kh1
Bc6 22. Bc1 Qa8 23. Nf4 Nf6 24. Be3 Nfd7 25. Nh3 f6 26. Nf4 g5 27. Nd3 Kf7 28.
Nf2 Ne5 29. Rcd2 Rh8 30. f4 gxf4 31. Bxf4 Rcc8 32. h3 Rcg8 33. b4 Na4 34. Nxa4
Bxa4 35. Re1 Rc8 36. a3 Rhg8 37. Bxe5 dxe5 38. Ng4 Bc6 39. Nh6+ Kg7 40. Nxg8
Rxg8 41. Qd1 Kh6 42. Qe2 a5 43. b5 Be8 44. Qf2 Rg3 45. Qxb6 Bxa3 46. Rd8 1-0

[Event "Bayern-chTT (RL Nord-West)"]
[Site "Bayern 2008/09"]
[Date "2008.10.05"]
[Round "1.7"]
[White "Schleupner, Kurt"]
[Black "Zimmermann, Frank(61)"]
[Result "1/2-1/2"]
[WhiteElo "1877"]
[BlackElo "1764"]
[PlyCount "52"]
[EventDate "2009.03.??"]
[EventType "team-tourn"]
[EventRounds "9"]
[WhiteTeam "Hof 1"]
[BlackTeam "Nordhalben 1"]

1. e4 d5 2. exd5 Qxd5 3. Nc3 Qd6 4. d4 Nf6 5. Nf3 Bg4 6. Be2 Bxf3 7. Bxf3 c6 8.
O-O e6 9. Re1 Be7 10. Ne4 Nxe4 11. Bxe4 Na6 12. Qe2 Nc7 13. c3 h6 14. Bd2 Bg5
15. Rad1 O-O-O 16. c4 f5 17. Bf3 Bxd2 18. Qxd2 g5 19. b4 g4 20. Be2 e5 21. Qc2
e4 22. d5 Qxb4 23. dxc6 b6 24. Rb1 Rd2 25. Qxe4 Qc5 26. Qf4 Rd4 1/2-1/2

[Event "Bayern-chTT (RL Nord-West)"]
[Site "Bayern 2008/09"]
[Date "2008.10.05"]
[Round "1.8"]
[White "Stumpf, Hilmar"]
[Black "Artamonow, Sergej"]
[Result "1-0"]
[WhiteElo "1866"]
[BlackElo "1893"]
[PlyCount "124"]
[EventDate "2009.03.??"]
[EventType "team-tourn"]
[EventRounds "9"]
[WhiteTeam "Nordhalben 1"]
[BlackTeam "Hof 1"]

1. d4 d5 2. e3 c6 3. Nf3 Bg4 4. Be2 e6 5. O-O Bd6 6. Nbd2 Nd7 7. c4 Ngf6 8. b3
O-O 9. Bb2 Qe7 10. Ne5 Bxe2 11. Qxe2 Ne4 12. Nxd7 Qxd7 13. f3 Nxd2 14. Qxd2 Qc7
15. g3 f5 16. Rac1 Qd7 17. Rfe1 Rad8 18. Re2 Be7 19. Rd1 Bf6 20. Qc2 Rfe8 21.
f4 g5 22. Rg2 g4 23. Kf2 Kg7 24. Rh1 h5 25. h3 Rh8 26. h4 b5 27. Rc1 bxc4 28.
bxc4 Rc8 29. Ba3 Be7 30. Qa4 Bxa3 31. Qxa3 Rb8 32. Kg1 Rb7 33. Rgc2 Rb6 34. Qa4
Rc8 35. Rc3 Kf6 36. Rb3 dxc4 37. Qxc4 Rxb3 38. Qxb3 Qd5 39. Qxd5 exd5 40. Rb1
c5 41. dxc5 Rxc5 42. Rb2 Ke6 43. Kf2 Kd6 44. Ke2 Rc1 45. Kf2 a5 46. Rb6+ Ke7
47. Rh6 Rc2+ 48. Kf1 Rxa2 49. Rxh5 a4 50. Rxf5 Ke6 51. Rg5 a3 52. Rg6+ Kf5 53.
Ra6 Ke4 54. Ra5 Kf3 55. Ke1 Kxe3 56. Kd1 Kf3 57. f5 Kxg3 58. h5 d4 59. f6 Rf2
60. Rxa3+ Kh2 61. h6 Rxf6 62. h7 Rh6 1-0

[Event "Bayern-chTT (RL Nord-West)"]
[Site "Bayern 2008/09"]
[Date "2008.10.05"]
[Round "1.1"]
[White "Schramm, Christian(73)"]
[Black "Weigand, Hans-Christian"]
[Result "1-0"]
[WhiteElo "2275"]
[BlackElo "2001"]
[PlyCount "33"]
[EventDate "2009.03.??"]
[EventType "team-tourn"]
[EventRounds "9"]
[WhiteTeam "Obernau 1"]
[BlackTeam "Kronach 1"]

1. e4 e6 2. d4 d5 3. Nc3 dxe4 4. Nxe4 Nd7 5. Bd3 Ngf6 6. Qe2 Be7 7. Nf3 O-O 8.
Bg5 b6 9. Nxf6+ gxf6 10. Qe4 f5 11. Qxa8 Bxg5 12. Qxa7 e5 13. dxe5 Nxe5 14.
Nxe5 Re8 15. O-O Rxe5 16. Rad1 Bf4 17. Qb8 1-0

[Event "Bayern-chTT (RL Nord-West)"]
[Site "Bayern 2008/09"]
[Date "2008.10.05"]
[Round "1.2"]
[White "Stauch, Edgar"]
[Black "Gietl, Thomas(72)"]
[Result "0-1"]
[WhiteElo "2090"]
[BlackElo "2176"]
[PlyCount "80"]
[EventDate "2009.03.??"]
[EventType "team-tourn"]
[EventRounds "9"]
[WhiteTeam "Kronach 1"]
[BlackTeam "Obernau 1"]

1. c4 b5 2. cxb5 e5 3. d4 e4 4. Nc3 d5 5. Qb3 Nf6 6. Bg5 Be6 7. e3 Be7 8. Nge2
Nbd7 9. Nf4 O-O 10. Be2 Rb8 11. Qa4 Nb6 12. Nxe6 fxe6 13. Qxa7 Qc8 14. Qa6 Rb7
15. O-O Qb8 16. Nxd5 exd5 17. Qa5 Bd6 18. b3 Qc8 19. Qd2 Ng4 20. g3 Qf5 21. Bf4
Bxf4 22. exf4 Qh5 23. h4 Qg6 24. Kg2 Re8 25. Qd1 Nf6 26. Qd2 Nbd7 27. Rac1 Ng4
28. Rc3 Ndf6 29. Qd1 Re7 30. a4 Qf5 31. Rh1 e3 32. Bd3 Qe6 33. f5 Qd7 34. f3
Nf2 35. Qe2 Nxh1 36. Kxh1 Qd6 37. Kg2 Qb4 38. Rc6 Qxd4 39. Re6 Rxe6 40. fxe6
Qe5 0-1

[Event "Bayern-chTT (RL Nord-West)"]
[Site "Bayern 2008/09"]
[Date "2008.10.05"]
[Round "1.3"]
[White "Scherer, Ralf"]
[Black "Herdin, Hans-Ulrich"]
[Result "1-0"]
[WhiteElo "2120"]
[BlackElo "2050"]
[PlyCount "65"]
[EventDate "2009.03.??"]
[EventType "team-tourn"]
[EventRounds "9"]
[WhiteTeam "Obernau 1"]
[BlackTeam "Kronach 1"]

1. g3 e5 2. d3 Nc6 3. Bg2 g6 4. Nf3 Bg7 5. c4 d6 6. Nc3 h5 7. Rb1 Nh6 8. b4 Nf5
9. h4 Ncd4 10. Ng5 Ne6 11. Nxe6 fxe6 12. Ne4 O-O 13. O-O Bd7 14. a4 Bc6 15. Bg5
Qe8 16. b5 Bxe4 17. Bxe4 Rb8 18. a5 Qf7 19. Qd2 d5 20. Bg2 c6 21. a6 Nd4 22. e3
Nf3+ 23. Bxf3 Qxf3 24. axb7 cxb5 25. Rxb5 dxc4 26. dxc4 Rxb7 27. Rxb7 Qxb7 28.
Qd6 Qb6 29. c5 Qxd6 30. cxd6 Rf7 31. Rc1 Bf8 32. Rc8 Kg7 33. Rd8 1-0

[Event "Bayern-chTT (RL Nord-West)"]
[Site "Bayern 2008/09"]
[Date "2008.10.05"]
[Round "1.4"]
[White "Lechleitner, Walter"]
[Black "Frey, Michael(77)"]
[Result "1-0"]
[WhiteElo "2002"]
[BlackElo "2059"]
[PlyCount "105"]
[EventDate "2009.03.??"]
[EventType "team-tourn"]
[EventRounds "9"]
[WhiteTeam "Kronach 1"]
[BlackTeam "Obernau 1"]

1. d4 f5 2. Bg5 g6 3. e3 Bg7 4. Bd3 Nf6 5. Nd2 d6 6. c3 c6 7. Qc2 O-O 8. Ngf3
Qe8 9. e4 fxe4 10. Nxe4 Nxe4 11. Bxe4 Nd7 12. O-O-O Qf7 13. Kb1 d5 14. Bd3 e5
15. dxe5 Nxe5 16. Nxe5 Bxe5 17. f4 Bg7 18. Rde1 Be6 19. Re2 Rae8 20. Rhe1 Bf6
21. Bxf6 Qxf6 22. g4 Kg7 23. Qd2 Bd7 24. h3 Rxe2 25. Rxe2 Rf7 26. Rf2 b6 27. f5
Qe5 28. Rf3 c5 29. b3 a5 30. Qg5 Qf6 31. Qxf6+ Rxf6 32. g5 Rd6 33. f6+ Kf7 34.
Kc2 Re6 35. Kd2 Re5 36. h4 Be8 37. Ba6 Bd7 38. Bb7 Be6 39. Bc6 Bf5 40. Re3 Rxe3
41. Kxe3 Ke6 42. Bxd5+ Kd6 43. Be4 Be6 44. c4 a4 45. h5 axb3 46. axb3 gxh5 47.
Bxh7 Ke5 48. Bg6 h4 49. f7 Bxf7 50. Bxf7 h3 51. Kf3 Kf5 52. g6 h2 53. Kg2 1-0

[Event "Bayern-chTT (RL Nord-West)"]
[Site "Bayern 2008/09"]
[Date "2008.10.05"]
[Round "1.5"]
[White "Gerlach-Buedinger, Manuela"]
[Black "Becker, Alexander(63)"]
[Result "1-0"]
[WhiteElo "1975"]
[BlackElo "1992"]
[PlyCount "61"]
[EventDate "2009.03.??"]
[EventType "team-tourn"]
[EventRounds "9"]
[WhiteTeam "Obernau 1"]
[BlackTeam "Kronach 1"]

1. d4 Nf6 2. Nf3 e6 3. Bf4 b6 4. e3 Bb7 5. Bd3 c5 6. c3 d6 7. h3 Be7 8. O-O O-O
9. Nbd2 Nc6 10. Qe2 Rc8 11. Rfe1 h6 12. Rad1 Rc7 13. dxc5 bxc5 14. e4 Rd7 15.
Bb5 Ne8 16. Nc4 Nc7 17. Ba4 e5 18. Bg3 Ne6 19. Qd2 Re8 20. Nfxe5 Bg5 21. Qd3
dxe5 22. Qxd7 Qxd7 23. Rxd7 Ned8 24. Nd6 Re7 25. Rxe7 Nxe7 26. Nxb7 Nxb7 27.
Bxe5 Ng6 28. Bb8 a6 29. g3 c4 30. Rd1 Nc5 31. Bc2 1-0

[Event "Bayern-chTT (RL Nord-West)"]
[Site "Bayern 2008/09"]
[Date "2008.10.05"]
[Round "1.6"]
[White "Hoermann, Fabian"]
[Black "Schmitt, Dieter(54)"]
[Result "1/2-1/2"]
[WhiteElo "1935"]
[BlackElo "1950"]
[PlyCount "180"]
[EventDate "2009.03.??"]
[EventType "team-tourn"]
[EventRounds "9"]
[WhiteTeam "Kronach 1"]
[BlackTeam "Obernau 1"]

1. e4 g6 2. d4 Bg7 3. c4 d6 4. Nc3 Nc6 5. Be3 e5 6. d5 Nce7 7. Bd3 f5 8. exf5
Bxf5 9. g4 Bxd3 10. Qxd3 Qd7 11. f3 a6 12. Ne4 h6 13. Ne2 Nf6 14. N2c3 b6 15.
O-O-O Nxe4 16. Qxe4 O-O-O 17. c5 dxc5 18. d6 cxd6 19. Qa8+ Kc7 20. Qxa6 Ra8 21.
Qd3 Ra5 22. a3 Rha8 23. Bd2 Qc6 24. Ne4 R5a6 25. Qxd6+ Qxd6 26. Nxd6 Kc6 27.
Ne4 Nd5 28. Nc3 Nc7 29. Be3 b5 30. Ne4 Bf8 31. Kc2 Nd5 32. Kd2 b4 33. axb4 Nxb4
34. Nc3 g5 35. h4 Rd8+ 36. Ke2 Rxd1 37. Nxd1 gxh4 38. Rxh4 Kd5 39. Nc3+ Kc4 40.
g5+ Kb3 41. gxh6 Bxh6 42. Rxh6 Kxb2 43. Rxa6 Nxa6 44. Na4+ Kc2 45. Nxc5 Nb4 46.
Nd7 Nc6 47. Bc5 Kc3 48. Nb6 Nd8 49. Ke3 Ne6 50. Be7 Nd4 51. Bf6 Nxf3 52. Kxf3
Kd4 53. Nd7 Kd5 54. Nxe5 Ke6 55. Bh8 Kd5 56. Nd3 Kc4 57. Ke4 Kb5 58. Kd5 Kb6
59. Be5 Kb5 60. Bd4 Ka6 61. Kc6 Ka5 62. Bc5 Ka6 63. Nc1 Ka5 64. Nb3+ Ka4 65.
Nd4 Ka5 66. Nb5 Ka4 67. Be3 Kb4 68. Nd6 Ka5 69. Bd2+ Ka6 70. Be3 Ka5 71. Nb5
Kb4 72. Nc7 Kc4 73. Bc5 Kd3 74. Kd5 Ke2 75. Ke4 Kf1 76. Kf3 Ke1 77. Bb4+ Kf1
78. Bc5 Ke1 79. Be3 Kd1 80. Ne6 Kc2 81. Bc5 Kd3 82. Kf4 Kc4 83. Ke5 Kb5 84. Kd5
Ka6 85. Kc6 Ka5 86. Nd4 Ka4 87. Kc7 Ka5 88. Kb7 Ka4 89. Bd6 Ka5 90. Bc5 Ka4
1/2-1/2

[Event "Bayern-chTT (RL Nord-West)"]
[Site "Bayern 2008/09"]
[Date "2008.10.05"]
[Round "1.7"]
[White "Frankenberger, Ralf"]
[Black "Horther, Heinrich"]
[Result "1/2-1/2"]
[WhiteElo "1914"]
[BlackElo "1991"]
[PlyCount "25"]
[EventDate "2009.03.??"]
[EventType "team-tourn"]
[EventRounds "9"]
[WhiteTeam "Obernau 1"]
[BlackTeam "Kronach 1"]

1. d4 e6 2. Nf3 d5 3. c3 c5 4. Bg5 Qb6 5. Qc2 cxd4 6. cxd4 Nc6 7. e3 Bd7 8.
Nbd2 Rc8 9. Rc1 Nge7 10. Qb1 h6 11. Bf4 Nf5 12. Be2 Be7 13. O-O 1/2-1/2

[Event "Bayern-chTT (RL Nord-West)"]
[Site "Bayern 2008/09"]
[Date "2008.10.26"]
[Round "2.1"]
[White "Schramm, Christian(73)"]
[Black "Kliche, Alexander"]
[Result "1-0"]
[WhiteElo "2275"]
[BlackElo "2126"]
[PlyCount "103"]
[EventDate "2009.03.??"]
[EventType "team-tourn"]
[EventRounds "9"]
[WhiteTeam "Obernau 1"]
[BlackTeam "Kitzingen 1"]

1. e4 e5 2. Bc4 Nc6 3. Nc3 Bc5 4. d3 d6 5. f4 Bxg1 6. Rxg1 Qh4+ 7. Kf1 Bg4 8.
Qe1 Qxh2 9. Qf2 Nf6 10. f5 O-O 11. Nd5 Nxd5 12. Bxd5 Nd4 13. Be3 Ne2 14. Qxe2
Bxe2+ 15. Kxe2 c6 16. Bb3 Rfd8 17. Kf3 Qh4 18. Rh1 Qe7 19. Rh5 d5 20. g4 g6 21.
Rh6 Rd6 22. Rh3 d4 23. Bd2 g5 24. Rah1 h6 25. Rxh6 Rxh6 26. Rxh6 Kg7 27. f6+
Qxf6+ 28. Rxf6 Kxf6 29. c3 Rh8 30. cxd4 exd4 31. e5+ Kxe5 32. Bxg5 Rh3+ 33. Kg2
Rxd3 34. Bxf7 Rd1 35. Bh6 d3 36. Bb3 Rb1 37. Kf3 Kf6 38. Bd2 Kg6 39. Bc4 Rxb2
40. Bxd3+ Kf7 41. Bc3 Rh2 42. Kg3 Rh1 43. Bd4 b6 44. g5 Ke6 45. g6 Kd5 46. g7
Kxd4 47. Kg2 Ra1 48. g8=Q Kxd3 49. Qb3+ Ke4 50. Qb2 Rxa2 51. Qxa2 b5 52. Qe6+
1-0

[Event "Bayern-chTT (RL Nord-West)"]
[Site "Bayern 2008/09"]
[Date "2008.10.26"]
[Round "2.2"]
[White "Kannenberg, Karl-Heinz"]
[Black "Gietl, Thomas(72)"]
[Result "1-0"]
[WhiteElo "2132"]
[BlackElo "2176"]
[PlyCount "125"]
[EventDate "2009.03.??"]
[EventType "team-tourn"]
[EventRounds "9"]
[WhiteTeam "Kitzingen 1"]
[BlackTeam "Obernau 1"]

1. Nf3 d6 2. d4 Nf6 3. e3 g6 4. Be2 Bg7 5. O-O O-O 6. c4 Nbd7 7. Nc3 e5 8. Qc2
Re8 9. b3 e4 10. Nd2 Qe7 11. Bb2 c5 12. dxc5 dxc5 13. Rad1 Nb6 14. a4 Bf5 15.
Qb1 Nbd7 16. Qa1 Bf8 17. Nd5 Nxd5 18. cxd5 Qg5 19. Kh1 Nb6 20. Nc4 Nxc4 21.
bxc4 Bd6 22. Bg7 Bd7 23. a5 f5 24. g3 Qe7 25. Bf6 Qf7 26. Rb1 Rab8 27. Rfd1 Rf8
28. Be5 Qe7 29. Bxd6 Qxd6 30. Rb3 Rf7 31. Rdb1 Qc7 32. Qc3 Be8 33. R3b2 Qd6 34.
Bd1 Qc7 35. Ra2 h5 36. Kg2 h4 37. Rd2 Qd6 38. h3 Rh7 39. Be2 Bd7 40. g4 fxg4
41. hxg4 Rf8 42. Rf1 Rhf7 43. Bd1 Bc8 44. Qb2 Re8 45. Rh1 g5 46. Rh3 Ref8 47.
Qc2 Re8 48. Qc3 Ref8 49. Qc2 Re7 50. Qc3 Rf6 51. Qb2 Ref7 52. Qc2 Qf8 53. Kg1
Qe7 54. Qb2 Qd6 55. Qc2 Re7 56. Qc3 Ref7 57. Qc2 Qe7 58. Qb2 Qd8 59. Qc3 Bd7
60. Rh2 Qc8 61. Qe5 Bxg4 62. Rg2 Rf3 63. Qxe4 1-0

[Event "Bayern-chTT (RL Nord-West)"]
[Site "Bayern 2008/09"]
[Date "2008.10.26"]
[Round "2.3"]
[White "Scherer, Ralf"]
[Black "Kunz, Konstantin"]
[Result "1-0"]
[WhiteElo "2120"]
[BlackElo "2157"]
[PlyCount "82"]
[EventDate "2009.03.??"]
[EventType "team-tourn"]
[EventRounds "9"]
[WhiteTeam "Obernau 1"]
[BlackTeam "Kitzingen 1"]

1. g3 c5 2. Bg2 Nc6 3. Nf3 e5 4. O-O g6 5. d3 Bg7 6. c4 Nge7 7. Nc3 d6 8. a3
O-O 9. Rb1 a5 10. Ne1 Rb8 11. Nc2 Be6 12. b4 axb4 13. axb4 b6 14. Nd5 Bxd5 15.
cxd5 Nd4 16. Nxd4 exd4 17. Bf4 Qc7 18. Qb3 h6 19. h4 f6 20. Rb2 g5 21. hxg5
fxg5 22. Bd2 Ng6 23. Rfb1 Qf7 24. Be1 Ne5 25. bxc5 Qh5 26. f3 dxc5 27. g4 Qf7
28. Bg3 Rb7 29. d6 c4 30. dxc4 Nxc4 31. Rc2 Rc8 32. f4 Ra7 33. d7 Rxd7 34. fxg5
Rc5 35. g6 Qe6 36. Rbc1 b5 37. Qb4 Bf8 38. Bf3 Qxg6 39. Ra2 h5 40. Ra8 Rc8 41.
Rxc8 Rc7 1-0

[Event "Bayern-chTT (RL Nord-West)"]
[Site "Bayern 2008/09"]
[Date "2008.10.26"]
[Round "2.4"]
[White "Basel, Matthias"]
[Black "Frey, Michael(77)"]
[Result "1-0"]
[WhiteElo "1994"]
[BlackElo "2059"]
[PlyCount "87"]
[EventDate "2009.03.??"]
[EventType "team-tourn"]
[EventRounds "9"]
[WhiteTeam "Kitzingen 1"]
[BlackTeam "Obernau 1"]

1. d4 f5 2. g3 Nf6 3. Bg2 g6 4. h4 Nc6 5. h5 Nxh5 6. Rxh5 gxh5 7. e4 Bg7 8.
Qxh5+ Kf8 9. Qxf5+ Kg8 10. c3 d6 11. Qh5 e5 12. Bg5 Qf8 13. Be3 Qf7 14. Qd1 Bd7
15. Na3 a6 16. d5 Ne7 17. Qb3 b5 18. c4 c6 19. Bf1 cxd5 20. cxd5 Rc8 21. Qb4
Qg6 22. Bd3 h5 23. Nf3 Bh6 24. Nh4 Qf6 25. Qd2 Kg7 26. Nc2 Ng6 27. O-O-O Nxh4
28. gxh4 Bxe3 29. Qxe3 Qh6 30. Rg1+ Bg4 31. Kd2 Rhf8 32. Rg2 Rc7 33. Be2 Qf4
34. Qxf4 Rxf4 35. f3 Kf6 36. fxg4 Rxe4 37. gxh5 Rxh4 38. Rg6+ Kf5 39. Rxd6 Rh2
40. Rc6 Rg7 41. Ne3+ Ke4 42. Rg6 Rf7 43. Rg4+ Rf4 44. d6 1-0

[Event "Bayern-chTT (RL Nord-West)"]
[Site "Bayern 2008/09"]
[Date "2008.10.26"]
[Round "2.5"]
[White "Gerlach-Buedinger, Manuela"]
[Black "Hanft, Michael"]
[Result "1/2-1/2"]
[WhiteElo "1975"]
[BlackElo "1977"]
[PlyCount "124"]
[EventDate "2009.03.??"]
[EventType "team-tourn"]
[EventRounds "9"]
[WhiteTeam "Obernau 1"]
[BlackTeam "Kitzingen 1"]

1. d4 Nf6 2. Nf3 g6 3. Bf4 Bg7 4. c3 d6 5. h3 Nbd7 6. e3 O-O 7. Be2 Qe8 8. O-O
e5 9. dxe5 dxe5 10. Bh2 Qe7 11. Qc2 b6 12. Nbd2 Bb7 13. a4 a5 14. Rfd1 Rad8 15.
Bc4 Ne8 16. Bg3 Nd6 17. Bh4 Bf6 18. Bxf6 Qxf6 19. Ba2 Nc5 20. b4 Nce4 21. Nc4
Nxc4 22. Bxc4 Rd6 23. Rxd6 Nxd6 24. Nd2 Qh4 25. Qb3 g5 26. bxa5 bxa5 27. Bd5
Bxd5 28. Qxd5 e4 29. Qxa5 g4 30. hxg4 Re8 31. Rb1 Qxg4 32. Qxc7 Re6 33. Qd8+
Kg7 34. Rb8 Ne8 35. Qd4+ Nf6 36. Nf1 h5 37. Nh2 Qe2 38. Qd8 Re8 39. Qd6 Rxb8
40. Qxb8 Qd1+ 41. Nf1 Qxa4 42. Qe5 Qa6 43. Ng3 Kf8 44. Qb8+ Kg7 45. Nf5+ Kg6
46. Ne7+ Kg7 47. Qe5 Kf8 48. Qc7 Ng4 49. Qd8+ Kg7 50. Qg8+ Kf6 51. Nd5+ Ke5 52.
Qg5+ f5 53. Qf4+ Kxd5 54. Qxf5+ Ne5 55. Qxh5 Qa1+ 56. Kh2 Qxc3 57. Qg5 Qc7 58.
f4 exf3 59. gxf3 Qh7+ 60. Kg3 Qg6 61. f4 Qxg5+ 62. fxg5 Ke4 1/2-1/2

[Event "Bayern-chTT (RL Nord-West)"]
[Site "Bayern 2008/09"]
[Date "2008.10.26"]
[Round "2.6"]
[White "Kwossek, Georg"]
[Black "Schmitt, Dieter(54)"]
[Result "1-0"]
[WhiteElo "1936"]
[BlackElo "1950"]
[PlyCount "83"]
[EventDate "2009.03.??"]
[EventType "team-tourn"]
[EventRounds "9"]
[WhiteTeam "Kitzingen 1"]
[BlackTeam "Obernau 1"]

1. d4 f5 2. Nf3 g6 3. g3 Bg7 4. Bg2 Nf6 5. O-O O-O 6. c4 d6 7. Nc3 h6 8. d5 c5
9. Nd2 Na6 10. e4 Rb8 11. Qe2 e5 12. dxe6 Bxe6 13. a3 Kh7 14. Kh1 Qd7 15. Rd1
f4 16. gxf4 Rbe8 17. e5 Bh3 18. Nde4 Bxg2+ 19. Kxg2 Nh5 20. Rxd6 Qe7 21. Qg4
Qf7 22. Nd5 Nb8 23. e6 Qf5 24. Qxf5 Rxf5 25. Nxc5 g5 26. fxg5 Be5 27. g6+ Kg7
28. Rd7+ Nxd7 29. exd7 Rg8 30. d8=Q Rxd8 31. Ne6+ Kxg6 32. Nxd8 Rf8 33. Ne6 Rf7
34. f4 Bd6 35. Bd2 Kf5 36. Re1 a6 37. b4 a5 38. c5 Bb8 39. Kf3 Rd7 40. Nd4+ Kg6
41. Ke4 axb4 42. axb4 1-0

[Event "Bayern-chTT (RL Nord-West)"]
[Site "Bayern 2008/09"]
[Date "2008.10.26"]
[Round "2.7"]
[White "Frankenberger, Ralf"]
[Black "Gernert, Ingolf"]
[Result "1/2-1/2"]
[WhiteElo "1913"]
[BlackElo "1971"]
[PlyCount "49"]
[EventDate "2009.03.??"]
[EventType "team-tourn"]
[EventRounds "9"]
[WhiteTeam "Obernau 1"]
[BlackTeam "Kitzingen 1"]

1. d4 d5 2. Nf3 Nf6 3. Bg5 Ne4 4. Bf4 e6 5. Nbd2 Bd6 6. Bxd6 cxd6 7. e3 O-O 8.
Bd3 f5 9. O-O b6 10. c4 Ba6 11. Qe2 dxc4 12. Bxc4 Bxc4 13. Nxc4 Nd7 14. Nfd2
Nxd2 15. Nxd2 Rc8 16. Rac1 Nb8 17. Nb3 Qd7 18. g3 g6 19. Rxc8 Rxc8 20. Rc1
Rxc1+ 21. Nxc1 Qc6 22. Nd3 a5 23. Qd1 Kf7 24. Qc1 Qxc1+ 25. Nxc1 1/2-1/2

[Event "Bayern-chTT (RL Nord-West)"]
[Site "Bayern 2008/09"]
[Date "2008.10.26"]
[Round "2.8"]
[White "Degering, Florian"]
[Black "Becker, Thomas(60)"]
[Result "1-0"]
[WhiteElo "1990"]
[BlackElo "1806"]
[PlyCount "103"]
[EventDate "2009.03.??"]
[EventType "team-tourn"]
[EventRounds "9"]
[WhiteTeam "Kitzingen 1"]
[BlackTeam "Obernau 1"]

1. e4 c5 2. Nf3 d6 3. d4 cxd4 4. Nxd4 Nf6 5. Nc3 a6 6. Be2 e6 7. O-O Be7 8. f4
Qc7 9. Bf3 O-O 10. g4 Nc6 11. Nxc6 bxc6 12. Kg2 Rd8 13. g5 Ne8 14. h4 d5 15. e5
Rb8 16. h5 c5 17. Qe1 d4 18. Ne4 d3 19. c4 Bb7 20. b3 Rd7 21. Bd2 Bd8 22. Qe3
Be7 23. Rad1 a5 24. Nc3 Bc6 25. Bxc6 Qxc6+ 26. Rf3 Nc7 27. Na4 Rd4 28. Bxa5 Re4
29. Qxd3 Rxf4 30. Bxc7 Rxf3 31. Qxf3 Qxc7 32. Qe3 Rd8 33. Rxd8+ Qxd8 34. Nc3
Bxg5 35. Qe2 h6 36. Ne4 Qa8 37. Kg3 Be7 38. Nd6 Qc6 39. Qf3 Qxf3+ 40. Kxf3 Bxd6
41. exd6 Kf8 42. a3 Ke8 43. b4 cxb4 44. axb4 Kd7 45. c5 g5 46. hxg6 fxg6 47. b5
h5 48. Kf4 h4 49. Ke5 h3 50. c6+ Kd8 51. b6 Kc8 52. d7+ 1-0